[Event "FRA-ch U20"]
[Site "Europe Echecs INT"]
[Date "2020.07.12"]
[Round "5"]
[White "Lemiere, Maxence"]
[Black "Bregnac, Tristan"]
[Result "1-0"]
[WhiteElo "1618"]
[BlackElo "2047"]
[PlyCount "97"]
[EventDate "2020.07.12"]
[EventType "swiss (rapid)"]
[EventRounds "9"]
[EventCountry "FRA"]
[SourceTitle "EXT 2021"]
[Source "ChessBase"]
[SourceDate "2020.10.23"]
[SourceVersion "1"]
[SourceVersionDate "2020.10.23"]
[SourceQuality "1"]

1. e4 c5 2. Nf3 d6 3. c3 Nf6 4. d3 g6 5. Be2 Bg7 6. 0-0 0-0 7. Be3 Nc6 8. Qd2 Ng4 9. Na3 Nxe3 10. fxe3 e5 11. d4 exd4 12. exd4 cxd4 13. Nxd4 Qb6 14. Nc4 Qc5 15. Kh1 Nxd4 16. cxd4 Qxd4 17. Qxd4 Bxd4 18. Nxd6 Be6 19. Rad1 Bxb2 20. Nxb7 Rab8 21. Nc5 Ba3 22. Nd7 Bxd7 23. Rxd7 Rb4 24. Rxa7 Rxe4 25. Bf3 Bc5 26. Rc7 Re5 27. a4 Rfe8 28. g3 R8e7 29. Rc8+ Kg7 30. a5 Ra7 31. Ra8 Rxa8 32. Bxa8 Bb4 33. a6 Ra5 34. Bb7 f5 35. Rb1 Bc5 36. Kg2 Kf6 37. Rd1 h5 38. Rd5 Ra2+ 39. Kf1 Ba7 40. Rd6+ Ke5 41. Rxg6 Rxh2 42. Bg2 h4 43. Rg7 Bc5 44. Rc7 Bd4 45. Rd7 Be3 46. Re7+ Kd4 47. a7 h3 48. Bxh3 Ra2 49. Bg2 1-0

[Event "FRA-ch U20"]
[Site "Europe Echecs INT"]
[Date "2020.07.12"]
[Round "9"]
[White "Lemiere, Maxence"]
[Black "Kuhn, Clement"]
[Result "1-0"]
[WhiteElo "1618"]
[BlackElo "2150"]
[PlyCount "145"]
[EventDate "2020.07.12"]
[EventType "swiss (rapid)"]
[EventRounds "9"]
[EventCountry "FRA"]
[SourceTitle "EXT 2021"]
[Source "ChessBase"]
[SourceDate "2020.10.23"]
[SourceVersion "1"]
[SourceVersionDate "2020.10.23"]
[SourceQuality "1"]

1. e4 c5 2. Nf3 Nc6 3. Bc4 g6 4. c3 Bg7 5. 0-0 d6 6. d3 Nf6 7. Be3 0-0 8. Nbd2 a6 9. a3 b5 10. Ba2 Bb7 11. Re1 b4 12. axb4 cxb4 13. Nf1 bxc3 14. bxc3 Ng4 15. Qd2 Nxe3 16. Nxe3 a5 17. h3 Ba6 18. d4 Rb8 19. Ng4 Qc7 20. Nh6+ Bxh6 21. Qxh6 Rb5 22. e5 Re8 23. Ng5 e6 24. Qxh7+ Kf8 25. Qh8+ Ke7 26. Qf6+ Kd7 27. Qxf7+ Kd8 28. Nxe6+ Rxe6 29. Qxc7+ Kxc7 30. Bxe6 dxe5 31. Bc4 Rb6 32. Bxa6 Rxa6 33. dxe5 Kd7 34. e6+ Ke7 35. Rad1 Nb8 36. Rd5 a4 37. Rb5 Nc6 38. Rb7+ Kd6 39. e7 Nxe7 40. Rbxe7 Ra8 41. R7e2 a3 42. Ra2 Kc5 43. Rea1 Re8 44. Rxa3 Kc4 45. Ra6 Kxc3 46. Rxg6 Kd4 47. h4 Rh8 48. g3 Ke5 49. h5 Kf5 50. Ra5+ Ke4 51. Kg2 Kd4 52. Rb6 Kc4 53. h6 Kd4 54. Ra7 Kc5 55. Rg6 Kd5 56. h7 Ke5 57. Rg8 Rxh7 58. Rxh7 Ke6 59. Rgg7 Kf6 60. Ra7 Ke6 61. Rhb7 Kd6 62. Rb6+ Kc5 63. Rg6 Kc4 64. Ra5 Kb4 65. Rf5 Kc4 66. Rg4+ Kd3 67. Kf3 Kd2 68. Rd5+ Kc2 69. Rc4+ Kb3 70. Rc8 Kb4 71. g4 Kb3 72. Rb5+ Ka4 73. Rb7 1-0

[Event "FRA-ch U20"]
[Site "Europe Echecs INT"]
[Date "2020.07.12"]
[Round "8"]
[White "Razafindratsima, Timothe"]
[Black "Lemiere, Maxence"]
[Result "1-0"]
[WhiteElo "2336"]
[BlackElo "1618"]
[PlyCount "89"]
[EventDate "2020.07.12"]
[EventType "swiss (rapid)"]
[EventRounds "9"]
[EventCountry "FRA"]
[SourceTitle "EXT 2021"]
[Source "ChessBase"]
[SourceDate "2020.10.23"]
[SourceVersion "1"]
[SourceVersionDate "2020.10.23"]
[SourceQuality "1"]

1. e4 g6 2. d4 Bg7 3. Nf3 d6 4. Bc4 e6 5. Bb3 Ne7 6. 0-0 0-0 7. c3 b6 8. Qe2 Bb7 9. Re1 Nd7 10. Bg5 c5 11. Nbd2 cxd4 12. cxd4 d5 13. exd5 h6 14. Bxe7 Qxe7 15. dxe6 fxe6 16. Qxe6+ Qxe6 17. Bxe6+ Kh8 18. Bxd7 Bxf3 19. Nxf3 Rad8 20. Bb5 Bxd4 21. Nxd4 Rxd4 22. b3 Rd2 23. Re2 Rfd8 24. Rxd2 Rxd2 25. g3 Kg7 26. Kg2 Kf6 27. Kf3 g5 28. Ke3 Rb2 29. Bc4 h5 30. a4 a5 31. Rd1 h4 32. Rd6+ Ke7 33. Rxb6 hxg3 34. hxg3 Rb1 35. Rb5 Re1+ 36. Be2 Kf6 37. Rxa5 Rb1 38. Rb5 Rc1 39. a5 Rc3+ 40. Bd3 Rc7 41. a6 Ra7 42. Rb7 Ra8 43. a7 Ke5 44. Be4 g4 45. Rb5+ 1-0